000 00464nam a2200181Ia 4500
001 14110
005 20260306164850.0
008 260306t2017||||xx |||||||||||||| ||spa||
041 _aESP
082 _a006.6
_bS37
100 _aSeller, Graham
_eAUT
245 0 _aVulkan programming guide:
_bthe official guide to learning Vulkan
260 _c2017
300 _axxviii, 448 páginas :
_c23 cm.
650 _aGEN
654 _aCCC
942 _cLIB
_dJUS
_fJUS
_2ddc
_n
999 _c14110
_d14110